What Makes Cities Happy? Factors Contributing to Life Satisfaction in European Cities
Účelom tejto štúdie je identifikovať hlavné faktory spokojnosti so životom v meste v celej Európe. Údaje pochádzajú z posledného piateho prieskumu o kvalite života v európskych mestách a pokrývajú 83 miest nachádzajúcich sa v Európskej únii, krajinách združenia voľného obchodu, Spojenom kráľovstve,...
Enregistré dans:
| Auteur principal: | |
|---|---|
| Autres auteurs: | , |
| Format: | Chapitre de livre |
| Langue: | anglais |
| Sujets: | |
| Tags: |
Pas de tags, Soyez le premier à ajouter un tag!
|
MARC
| LEADER | 00000naa a2200000 4500 | ||
|---|---|---|---|
| 001 | 0297904 | ||
| 005 | 20240104140850.5 | ||
| 041 | 0 | |a eng | |
| 044 | |a GB | ||
| 245 | 1 | 0 | |a What Makes Cities Happy? Factors Contributing to Life Satisfaction in European Cities |c Chiara Castelli, Beatrice d’Hombres, Laura de Dominicis ... [et al.] |
| 520 | |a Účelom tejto štúdie je identifikovať hlavné faktory spokojnosti so životom v meste v celej Európe. Údaje pochádzajú z posledného piateho prieskumu o kvalite života v európskych mestách a pokrývajú 83 miest nachádzajúcich sa v Európskej únii, krajinách združenia voľného obchodu, Spojenom kráľovstve, regióne západného Balkánu a Turecka. Okrem klasickej ekonometrickej analýzy autori kvantifikujú relatívnu dôležitosť rôznych determinantov celkovej spokojnosti so životom v mestách, čím ponúkajú nové pohľady na formovanie mestských politík založených na dôkazoch. Výsledky zdôrazňujú, že k spokojnosti prispievajú dve hlavné oblasti: prítomnosť vybavenosti na jednej strane a pocit inkluzivity a bezpečnosti na strane druhej. | ||
| 610 | 2 | 0 | |a úroveň životná |
| 610 | 2 | 0 | |a blahobyt |
| 610 | 2 | 0 | |a mestá |
| 610 | 2 | 0 | |a kvalita života |
| 610 | 2 | 0 | |a analýza regresná |
| 610 | 2 | 0 | |a tvorba politík |
| 610 | 2 | 0 | |a Európa |
| 100 | 1 | |a Castelli, Chiara | |
| 700 | 1 | |a d’Hombres, Beatrice | |
| 700 | 1 | |a de Dominicis, Laura | |